Erfolgreiches Führen im Kreditbereich

Na minha lista:
Detalhes bibliográficos
Autor principal: Gebert, Diether
Outros Autores: Ulrich, Joachim G.
Formato: Livro
Idioma:alemão
Publicado em: Wiesbaden Gabler 1990
Edição:1. Aufl.
Assuntos:
Tags: Adicionar Tag
Sem tags, seja o primeiro a adicionar uma tag!

MARC

LEADER 00000nam a2200000 4500
001 c006264
005 20250513071056.5
020 |a 3-409-14018-2 
041 0 |a ger 
044 |a DE 
245 1 0 |a Erfolgreiches Führen im Kreditbereich  |c Diether Gebert, Joachim G. Ulrich 
250 |a 1. Aufl. 
264 1 |a Wiesbaden  |b Gabler  |c 1990 
300 |a 327 s. 
610 2 0 |a úver 
610 2 0 |a úverovanie 
610 2 0 |a ústavy úverové 
610 2 0 |a produktivita práce 
610 2 0 |a rendita 
610 2 0 |a riziko 
610 2 0 |a výsledok hospodársky 
100 1 |a Gebert, Diether 
700 1 |a Ulrich, Joachim G.